<?xml version="1.0" encoding="UTF-8"?><?xml-stylesheet type="text/xsl" href="static/style.xsl"?><OAI-PMH xmlns="http://www.openarchives.org/OAI/2.0/" xmlns:xsi="http://www.w3.org/2001/XMLSchema-instance" xsi:schemaLocation="http://www.openarchives.org/OAI/2.0/ http://www.openarchives.org/OAI/2.0/OAI-PMH.xsd"><responseDate>2026-06-06T04:18:02Z</responseDate><request verb="GetRecord" identifier="oai:riuma.uma.es:10630/32315" metadataPrefix="marc">https://riuma.uma.es/rest/oai/request</request><GetRecord><record><header><identifier>oai:riuma.uma.es:10630/32315</identifier><datestamp>2026-02-03T11:33:53Z</datestamp><setSpec>com_10630_2254</setSpec><setSpec>col_10630_37953</setSpec></header><metadata><record xmlns="http://www.loc.gov/MARC21/slim" xmlns:dcterms="http://purl.org/dc/terms/" xmlns:doc="http://www.lyncode.com/xoai" xmlns:xsi="http://www.w3.org/2001/XMLSchema-instance" xsi:schemaLocation="http://www.loc.gov/MARC21/slim http://www.loc.gov/standards/marcxml/schema/MARC21slim.xsd">
   <leader>00925njm 22002777a 4500</leader>
   <datafield ind2=" " ind1=" " tag="042">
      <subfield code="a">dc</subfield>
   </datafield>
   <datafield ind2=" " ind1=" " tag="720">
      <subfield code="a">Bermúdez Silva, Francisco Javier</subfield>
      <subfield code="e">author</subfield>
   </datafield>
   <datafield ind2=" " ind1=" " tag="720">
      <subfield code="a">Romero-Zerbo, Silvana Yanina</subfield>
      <subfield code="e">author</subfield>
   </datafield>
   <datafield ind2=" " ind1=" " tag="720">
      <subfield code="a">Haissaguerre, Magalie</subfield>
      <subfield code="e">author</subfield>
   </datafield>
   <datafield ind2=" " ind1=" " tag="720">
      <subfield code="a">Ruz-Maldonado, Inmaculada</subfield>
      <subfield code="e">author</subfield>
   </datafield>
   <datafield ind2=" " ind1=" " tag="720">
      <subfield code="a">Lhamyani, Said</subfield>
      <subfield code="e">author</subfield>
   </datafield>
   <datafield ind2=" " ind1=" " tag="720">
      <subfield code="a">El-Bekay, Rajaa</subfield>
      <subfield code="e">author</subfield>
   </datafield>
   <datafield ind2=" " ind1=" " tag="720">
      <subfield code="a">Tabarin, Antoine</subfield>
      <subfield code="e">author</subfield>
   </datafield>
   <datafield ind2=" " ind1=" " tag="720">
      <subfield code="a">Marsicano, Giovanni</subfield>
      <subfield code="e">author</subfield>
   </datafield>
   <datafield ind2=" " ind1=" " tag="720">
      <subfield code="a">Cota, Daniela</subfield>
      <subfield code="e">author</subfield>
   </datafield>
   <datafield ind2=" " ind1=" " tag="260">
      <subfield code="c">2016</subfield>
   </datafield>
   <datafield ind2=" " ind1=" " tag="520">
      <subfield code="a">The endocannabinoid system (ECS) is an intercellular signalling&#xd;
mechanism that is present in the islets of Langerhans and plays a&#xd;
role in the modulation of insulin secretion and expansion of the β-cell&#xd;
mass. The downstream signalling pathways mediating these effects&#xd;
are poorly understood. Mammalian target of rapamycin complex 1&#xd;
(mTORC1) signalling is a key intracellular pathway involved in&#xd;
energy homeostasis and is known to importantly affect the&#xd;
physiology of pancreatic islets. We investigated the possible&#xd;
relationship between cannabinoid type 1 (CB1) receptor signalling&#xd;
and the mTORC1 pathway in the endocrine pancreas of mice by&#xd;
using pharmacological analysis as well as mice genetically lacking&#xd;
the CB1 receptor or the downstream target of mTORC1, the kinase&#xd;
p70S6K1. In vitro static secretion experiments on islets, western&#xd;
blotting, and in vivo glucose and insulin tolerance tests were&#xd;
performed. The CB1 receptor antagonist rimonabant decreased&#xd;
glucose-stimulated insulin secretion (GSIS) at 0.1 µM while&#xd;
increasing phosphorylation of p70S6K1 and ribosomal protein S6&#xd;
(rpS6) within the islets. Specific pharmacological blockade of&#xd;
mTORC1 by 3 nM rapamycin, as well as genetic deletion of&#xd;
p70S6K1, impaired the CB1-antagonist-mediated decrease in&#xd;
GSIS. In vivo experiments showed that 3 mg/kg body weight&#xd;
rimonabant decreased insulin levels and induced glucose&#xd;
intolerance in lean mice without altering peripheral insulin&#xd;
sensitivity; this effect was prevented by peripheral administration&#xd;
of low doses of rapamycin (0.1 mg/kg body weight), which increased&#xd;
insulin sensitivity. These findings suggest a functional interaction&#xd;
between the ECS and the mTORC1 pathway within the endocrine&#xd;
pancreas and at the whole-organism level, which could have&#xd;
implications for the development of new therapeutic approaches&#xd;
for pancreatic β-cell diseases.</subfield>
   </datafield>
   <datafield ind1="8" ind2=" " tag="024">
      <subfield code="a">Francisco J. Bermudez-Silva, Silvana Y. Romero-Zerbo, Magalie Haissaguerre, Inmaculada Ruz-Maldonado, Said Lhamyani, Rajaa El Bekay, Antoine Tabarin, Giovanni Marsicano, Daniela Cota; The cannabinoid CB1 receptor and mTORC1 signalling pathways interact to modulate glucose homeostasis in mice. Dis Model Mech 1 January 2016; 9 (1): 51–61. doi: https://doi.org/10.1242/dmm.020750</subfield>
   </datafield>
   <datafield ind1="8" ind2=" " tag="024">
      <subfield code="a">https://hdl.handle.net/10630/32315</subfield>
   </datafield>
   <datafield ind1="8" ind2=" " tag="024">
      <subfield code="a">10.1242/dmm.020750</subfield>
   </datafield>
   <datafield tag="653" ind2=" " ind1=" ">
      <subfield code="a">Insulina</subfield>
   </datafield>
   <datafield ind2="0" ind1="0" tag="245">
      <subfield code="a">The cannabinoid CB1 receptor and mTORC1 signalling pathways interact to modulate glucose homeostasis in mice</subfield>
   </datafield>
</record>
</metadata></record></GetRecord></OAI-PMH>